Polskie medale w judo na igrzyskach olimpijskich - Statystyki

Ogólne statystyki
  • Ten quiz został rozwiązany 45 razy
  • Średni wynik to 4 z 9
Statystyki odpowiedzi
Wskazówka Odpowiedź % Poprawnych
1996 Paweł Nastula
95%
1992 Waldemar Legień
79%
1988 Waldemar Legień
79%
1996 Aneta Szczepańska
49%
1972 Antoni Zajkowski
26%
1976 Marian Tałaj
26%
1988 Janusz Pawłowski
21%
1980 Janusz Pawłowski
21%
1988 Bogusława Olechnowicz
10%
Nie znaleziono quizów pasujących do podanych kryteriów
Rozkład punktacji
Procent ludzi z każdym wynikiem
Percentyl według liczby udzielonych odpowiedzi
Twoja historia wyników
Nie rozwiązałeś tego quizu